Sanat: "Kaunis rietas onnellinen" - Kaija Koo - Statistics

Yleistilastot
  • Tätä visaa on pelattu 306 kertaa
  • Keskiarvotulos 153 / 204
Vastaustilastot
Vastaus % Oikein
kaunis
98%
on
96%
onnellinen
96%
rietas
96%
95%
95%
et
90%
oot
90%
Oot
90%
jo
88%
mennä
86%
anna
85%
joten
85%
liian
85%
voi
85%
ettet
84%
käsittää
84%
84%
tarvii
84%
vihdoin
84%
viimein
84%
älä
83%
alat
83%
häpeemään
82%
keneltäkään
82%
lupaa
82%
mitään
81%
etkä
79%
ja
79%
menettää
79%
yhtään
79%
se
74%
kun
72%
ole
71%
tää
71%
vaan
70%
nyt
68%
miten
66%
kerran
65%
maailma
65%
nähnyt
65%
romahtaa
65%
tanssitaan
64%
ei
63%
voin
63%
luvata
62%
rajoja
62%
mistä
60%
selviit
60%
aina
55%
lopulta
54%
Niin
54%
niin
54%
silti
54%
taas
53%
tuu
53%
ihan
52%
todella
52%
ylös
52%
koskaan
51%
noussut
49%
huudat
48%
kovempaa
48%
luullut
48%
mut
48%
seasta
46%
siinä
45%
kuin
44%
tuhkan
43%
sun
41%
että
40%
kaiken
40%
toipumaan
40%
jostakin
39%
esittää
37%
ettei
36%
kaikkien
36%
vuoro
36%
roolia
35%
satuta
35%
unohda
35%
mukana
34%
pyydetään
34%
elänyt
32%
hienosti
31%
jaksoit
31%
sitäkin
31%
tosi
29%
hiljaa
26%
pudottaa
25%
lopultakin
17%
Ehtoja vastaavia visoja ei löytynyt
Tulosjakauma
Jokaisen tuloksen saaneiden osuus
Persentiili vastausten määrän mukaan
Tuloshistoriasi
Et ole pelannut tätä visaa